000 00321nam a2200133 i 4500
001 bg
100 1 _aKURMAN, KONSTANTY J.
245 0 _aFeedback Control: Theory and Design /
_cK.J. Kurman.
260 _aAmsterdam,
_c1984.
040 _cBPK
041 _apol
942 _cKS
008 s pl f |000 0 pol
999 _c22696
_d22696
856 _uhttp://koha.tu.koszalin.pl/cgi-bin/koha/opac-detail.pl?biblionumber=22696
_yKatalog online BPK